Normal view
MARC view
Entry Personal Name
001 - CONTROL NUMBER
- control field: 83855
003 - CONTROL NUMBER IDENTIFIER
- control field: dpl
005 - DATE AND TIME OF LATEST TRANSACTION
- control field: 20250806142700.0
008 - FIXED-LENGTH DATA ELEMENTS
- fixed length control field: 250806|| aca||aabn | a|a d
040 ## - CATALOGING SOURCE
- Original cataloging agency: dpl
- Transcribing agency: dpl
100 ## - HEADING--PERSONAL NAME
- Personal name: Madaan,KVS
670 ## - SOURCE DATA FOUND
- Source citation: Work cat.: (dpl)165850: Madaan,KVS, NTA UGC NET/SET/JRF Paper 1 teaching and research aptitude /, 2019
